| 000 | 00571cam a2200217 i 4500 | ||
|---|---|---|---|
| 001 | 3701722 | ||
| 005 | 20180212034639.0 | ||
| 008 | 800723s1980 ilua b 001 0 eng | ||
| 010 | _a 79091640 | ||
| 020 | _a0256023255 | ||
| 040 |
_aDLC _cDLC _dDLC |
||
| 041 | _aeng | ||
| 080 | _a658.15 ANT | ||
| 082 | 0 | 0 |
_a658.15 ANT _219 |
| 100 | 1 | _a52 | |
| 101 | _aMEN | ||
| 245 | 1 | 0 |
_aManagement control systems / _cRobert N. Anthony, John Dearden. |
| 504 | _aIncludes bibliographies and index. | ||
| 906 |
_a7 _bcbc _corignew _d2 _eopcn _f19 _gy-gencatlg |
||
| 942 |
_2ddc _cBK |
||
| 999 |
_c42299 _d42299 |
||